[Event "Prague Festival Open 2019"]
[Site "Prague"]
[Date "2019.03.16"]
[Round "9.6"]
[White "Rakesh Kumar Jena"]
[Black "Kriebel, Tadeas"]
[Result "0-1"]
[WhiteElo "2416"]
[BlackElo "2507"]
[Annotator "TA"]
[PlyCount "120"]
[EventDate "2019.02.28"]
[EventType "tourn"]
[EventCountry "CZE"]
[SourceTitle "playchess.com"]
[Source "ChessBase"]
[SourceQuality "1"]

{[%evp 17,120,0,0,0,-6,-14,0,0,0,0,10,10,8,6,18,16,33,0,21,-10,-18,-23,-23,-26,-24,-22,35,43,53,54,56,53,76,72,91,85,99,88,91,91,99,92,100,75,135,145,140,110,110,47,100,46,100,41,95,0,68,40,53,-85,-91,-42,-46,-132,-151,-113,-26,-53,-19,-475,-493,-498,-498,-485,-494,-492,-492,-484,-470,-464,-262,-450,-445,-677,-677,-666,-673,-669,-665,-635,-635,-634,-634,-656,-653,-809,-813,-808,-750,-745,-716,-5122,-976,-4116,-1925]} 1. d4 Nf6 2. Bf4 b6 3. e3 Bb7 4. Nd2 g6 5. Ngf3 Bg7 6. Be2 O-O 7. h3 d6 8. O-O Nbd7 9. c3 Re8 10. Bh2 {A48: 1 d4 Nf6 2 Nf3 g6: Torre, London and Colle Systems} e5 11. a4 a6 12. Qb3 {The position is equal.} (12. dxe5 Nxe5 13. Nxe5 dxe5 14. Nc4 Ne4 15. Qxd8 Raxd8 16. Rfd1 Rxd1+ 17. Rxd1 {½-½ (63) Wang,Y (2690)-Al Modiahki,M (2542) Riadh 2017}) 12... Qe7 13. Rfd1 e4 14. Ne1 $1 a5 15. Rac1 $146 ({Predecessor:} 15. Nc2 h5 16. Na3 Nf8 {0-1 (38) Khandhar,K (1981)-Dimakiling,O (2425) Johor 2017}) 15... h5 {[%cal Bh7h5,Bh5h4][%mdl 32]} 16. c4 g5 17. Nf1 {[%cal Bd2f1,Bf1g3,Bg3f5,Bf5d6][%mdl 32]} Qe6 18. Qb5 Bh6 19. Ng3 $1 h4 20. Nf5 Bf8 {With the idea ...Ba6.} 21. Nxd6 $1 cxd6 (21... Bxd6 $11 22. Qxg5+ Kf8) 22. Qxg5+ $14 Bg7 23. Qxh4 Nf8 24. g4 {[%mdl 1024] White has compensation.} N6h7 25. Qg3 Rad8 26. h4 Bc8 27. Ng2 Ng6 28. Kh1 Kh8 29. Rg1 Rg8 30. g5 Ne7 (30... Bf8 $142) 31. Nf4 $16 Qd7 32. Bh5 Nf8 33. Qg2 (33. Bd1 $16) 33... Qf5 (33... Nfg6 $14) 34. Ne2 (34. Bg4 $16 Qh7 35. Qh3) 34... Nfg6 (34... Qh7 $14 35. Bxf7 Nfg6) 35. Ng3 (35. Bg4 $16 Qxg4 36. Qxg4 Bxg4 37. Rxg4) 35... Qe6 {[#]} (35... Qd7 $14) 36. Qxe4 (36. d5 $1 $16 {[%cal Rd5e6]} Qd7 37. Nxe4) 36... d5 (36... Qh3 $11) 37. Qxe6 Bxe6 38. Bxg6 (38. c5 $14 {keeps the upper hand.}) 38... Nxg6 $17 ({Reject} 38... fxg6 $6 39. c5 $11) 39. h5 Nh4 $1 40. f4 (40. h6 $15 Bf8 41. Nh5) 40... dxc4 {Strongly threatening ...Bxd4!} 41. Rgf1 Rxd4 (41... Bh3 $17 42. h6 {[#]} Bxh6 $1 {[%mdl 512]} 43. gxh6 Bxf1 44. Rxf1 Rge8) 42. h6 $11 {[#]} Bf6 $1 {[%mdl 512]} 43. gxf6 $2 {[%mdl 8192]} (43. exd4 $11 {and White has nothing to worry.} Bd5+ 44. Kg1 Bxd4+ {[%mdl 64] Double Attack} 45. Rf2 Nf3+ 46. Kf1 Bxf2 47. Kxf2 Nxh2 48. Nf5) 43... Bd5+ $19 44. e4 Rxe4 $1 45. Rcd1 {[#]} Ba8 $1 {[%mdl 512]} 46. Kg1 Re2 {( -> ...Rg2+)} 47. Rf2 Nf3+ 48. Kf1 Rxf2+ 49. Kxf2 Nxh2 {Black is clearly winning.} 50. Nf5 (50. Rd7 $142) 50... Ng4+ 51. Ke2 Re8+ 52. Kd2 Rd8+ 53. Kc1 Rxd1+ 54. Kxd1 Nxf6 55. Nd6 Bd5 56. Kc2 Ne4 57. Nc8 Be6 58. Nxb6 f5 59. Kd1 Kh7 (59... Nf6 $142 60. Kd2 Kh7) 60. Ke2 Nf6 {Accuracy: White = 45%, Black = 48%.} 0-1